The portfolio : (Record no. 352552)
[ view plain ]
| 000 -LEADER | |
|---|---|
| fixed length control field | 02443 a2200325 4500 |
| 003 - CONTROL NUMBER IDENTIFIER | |
| control field | OSt |
| 005 - DATE AND TIME OF LATEST TRANSACTION | |
| control field | 20180116192338.0 |
| 008 - FIXED-LENGTH DATA ELEMENTS--GENERAL INFORMATION | |
| fixed length control field | 120516t xxu||||| |||| 00| 0 eng d |
| 020 ## - INTERNATIONAL STANDARD BOOK NUMBER | |
| International Standard Book Number | 0750657642 (paperback) |
| 020 ## - INTERNATIONAL STANDARD BOOK NUMBER | |
| International Standard Book Number | 9780750657648 (paperback) |
| 040 ## - CATALOGING SOURCE | |
| Transcribing agency | 0 |
| 082 04 - DEWEY DECIMAL CLASSIFICATION NUMBER | |
| Classification number | 720.23 |
| 100 1# - MAIN ENTRY--PERSONAL NAME | |
| Personal name | Rüedi Ray, Katerina |
| 9 (RLIN) | 1464 |
| 245 14 - TITLE STATEMENT | |
| Title | The portfolio : |
| Remainder of title | an architecture student's handbook / |
| Statement of responsibility, etc. | Katerina Ruedi Ray PhD in Architecture, Lesley Lokko Dip Arch, Igor Marjanovic. |
| 250 ## - EDITION STATEMENT | |
| Edition statement | 1st ed. |
| 260 ## - PUBLICATION, DISTRIBUTION, ETC. | |
| Place of publication, distribution, etc. | Amsterdam : |
| Name of publisher, distributor, etc. | Architectural Press, |
| Date of publication, distribution, etc. | 2003. |
| 300 ## - PHYSICAL DESCRIPTION | |
| Extent | 148 p. : |
| Other physical details | ill.; |
| Dimensions | 22 cm. |
| 490 1# - SERIES STATEMENT | |
| Series statement | Architectural students handbooks. |
| 500 ## - GENERAL NOTE | |
| General note | Includes index |
| 520 ## - SUMMARY, ETC. | |
| Summary, etc. | The portfolio is the single most important part of every architectural student's education. This book proides a complete guide to preparing, compiling and presenting this crucial element of the architecture course. The experienced author team gives practical advice for the creation of the portfolio covering issues of size, storage, layout and order. They go on to guide the student through the various forms a portfolio can take: the Electronic Portfolio, the Academic Portfolio and the Professional Portfolio suggesting different approaches and different media to use in order to create the strongest portfolio possible. The team also presents the best examples from international student portfolios to show the reader their recommendations in practice. The book has a companion website where full colour representations of the best examples of portfolio work can be accessed. Also in the Seriously Useful Guides series: * The Dissertation * The Crit * Practical Experience * Offers step-by-step advice for students on how to prepare and present their portfolios * Advice from the experts on how to make portfolios the best they can be * Fully illustrated with examples of the best students' work from around the world. |
| 650 0# - SUBJECT ADDED ENTRY--TOPICAL TERM | |
| Topical term or geographic name entry element | Architecture portfolios |
| 9 (RLIN) | 1465 |
| 650 0# - SUBJECT ADDED ENTRY--TOPICAL TERM | |
| Topical term or geographic name entry element | Architecture portfolios |
| General subdivision | Design |
| 9 (RLIN) | 1466 |
| 700 1# - ADDED ENTRY--PERSONAL NAME | |
| Personal name | Arch, Lesley Lokko Dip. |
| 9 (RLIN) | 1467 |
| 700 1# - ADDED ENTRY--PERSONAL NAME | |
| Personal name | Marjanovic, Igor. |
| 9 (RLIN) | 1468 |
| 830 #0 - SERIES ADDED ENTRY--UNIFORM TITLE | |
| Uniform title | Architectural students handbooks. |
| 9 (RLIN) | 1469 |
| 856 40 - ELECTRONIC LOCATION AND ACCESS | |
| Materials specified | Amazon.com |
| Uniform Resource Identifier | <a href="http://www.amazon.com/exec/obidos/ASIN/0750657642/chopaconline-20">http://www.amazon.com/exec/obidos/ASIN/0750657642/chopaconline-20</a> |
| 942 ## - ADDED ENTRY ELEMENTS (KOHA) | |
| Institution code [OBSOLETE] | SADA |
| Koha item type | Book |
| Call number prefix | 720.23 RUE 2003 |
| Source of classification or shelving scheme | |
| Withdrawn status | Lost status | Source of classification or shelving scheme | Damaged status | Not for loan | Permanent Location | Current Location | Date acquired | Total Checkouts | Total Renewals | Full call number | Barcode | Date last seen | Date last checked out | Copy number | Cost, replacement price | Price effective from | Koha item type |
|---|---|---|---|---|---|---|---|---|---|---|---|---|---|---|---|---|---|
| School of Art Design and Architecture (SADA) | School of Art Design and Architecture (SADA) | 05/20/2011 | 3 | 2 | 720.23 RUE 2003 | SADA0001033 | 10/06/2025 | 01/29/2025 | 02 | 2331.00 | 08/05/2011 | Book | |||||
| School of Art Design and Architecture (SADA) | School of Art Design and Architecture (SADA) | 11/24/2010 | 2 | 1 | 720.23 RUE 2003 | SADA0000428 | 05/24/2013 | 05/21/2013 | 01 | 2257.00 | 08/05/2011 | Book |
